| 000 | 00377pam a2200121 a 4500 | ||
|---|---|---|---|
| 020 | _a0874848644 | ||
| 050 | 0 | 0 |
_aHQ10.5.U6 _bR53 1990 |
| 100 | 1 | _aRice, F. Philip. | |
| 245 | 1 | 0 |
_aIntimate relationships, marriages, and families / _cF. Philip Rice. |
| 260 |
_aMountain View, Calif. : _bMayfield Pub. Co., _cc1990. |
||
| 300 | _axxviii, 713 p., [16] p. of plates : | ||
| 942 |
_2lcc _cGEN |
||
| 999 |
_c6347 _d6347 |
||